[Event "Winter Open 2024"]
[Site "?"]
[Date "2024.01.20"]
[Round "3"]
[White "Brown, Thomas"]
[Black "Toczek, Grzegorz"]
[Result "1/2-1/2"]
[WhiteElo "2095"]
[BlackElo "2291"]
[PlyCount "66"]
[SourceVersionDate "2024.02.15"]

1. d4 d5 2. c4 e6 3. cxd5 exd5 4. Bf4 Nf6 5. Nc3 Be7 6. e3 O-O 7. Bd3 c6 8. Nge2 Re8 9. O-O Nbd7 10. Qc2 Nf8 11. Rad1 Nh5 12. Be5 f6 13. Bg3 Bg4 14. f3 Nxg3 15. Nxg3 Be6 16. Qf2 Qd6 17. f4 Qd7 18. f5 Bf7 19. Nce2 Bd6 20. Nf4 Qc7 21. Rde1 Re7 22. Re2 Rae8 23. Rfe1 a6 24. Qf3 Bxf4 25. Qxf4 Qxf4 26. exf4 Rxe2 27. Rxe2 Rxe2 28. Nxe2 Nd7 29. Kf2 Kf8 30. Nc1 Ke7 31. b4 Kd6 32. Nb3 Bh5 33. Ke1 Bf7 1/2-1/2

[Event "Winter Open 2024"]
[Site "?"]
[Date "2024.01.20"]
[Round "3"]
[White "Di-Vetta, Andrew"]
[Black "Fathallah, Joe"]
[Result "0-1"]
[WhiteElo "1631"]
[BlackElo "2010"]
[PlyCount "82"]
[SourceVersionDate "2024.02.16"]

1. c4 e5 2. g3 Nc6 3. Bg2 g6 4. Nc3 Bg7 5. Nf3 d6 6. O-O f5 7. d3 Nf6 8. Bg5 Be6 9. Nd5 h6 10. Nxf6+ Bxf6 11. Bxf6 Qxf6 12. Nd2 O-O 13. b3 g5 14. e3 Rae8 15. a3 Re7 16. b4 Rh7 17. b5 Na5 18. Nb3 Nxb3 19. Qxb3 f4 20. Be4 Rh8 21. exf4 gxf4 22. f3 fxg3 23. hxg3 Qg5 24. Kf2 Qd2+ 25. Kg1 h5 26. Ra2 Qe3+ 27. Kg2 h4 28. g4 Bxg4 29. Bxb7 h3+ 30. Kh1 Bxf3+ 31. Bxf3 Rxf3 32. Qd1 Rxf1+ 33. Qxf1 Rh4 34. Rf2 Rf4 35. Qg1+ Kf7 36. Rxf4+ Qxf4 37. Qd1 Kf6 38. Qe2 Kg5 39. a4 Kh4 40. Qe1+ Kg4 41. Qg1+ Qg3 0-1

[Event "Winter Open 2024"]
[Site "?"]
[Date "2024.01.20"]
[Round "3"]
[White "Downey, Keith"]
[Black "Beeston, Darson"]
[Result "1/2-1/2"]
[WhiteElo "1733"]
[BlackElo "1639"]
[PlyCount "65"]
[SourceVersionDate "2024.02.16"]

1. c4 Nf6 2. Nf3 e6 3. g3 b6 4. Bg2 Bb7 5. O-O d5 6. d4 Be7 7. Nc3 O-O 8. cxd5 exd5 9. Bf4 Nc6 10. Rc1 Nh5 11. Be3 Re8 12. a3 Na5 13. Nd2 Qd7 14. b4 Nc6 15. Nxd5 Nf6 16. Nxc7 Qxc7 17. b5 Bxa3 18. Rc2 Rad8 19. bxc6 Bc8 20. Nc4 Bd6 21. Nxd6 Qxd6 22. h3 Nd5 23. Bd2 Ba6 24. Re1 Re7 25. e4 Nb4 26. Bxb4 Qxb4 27. d5 Rxd5 28. Qc1 Rd8 29. Rd1 Rxd1+ 30. Qxd1 Re8 31. Qd7 Kf8 32. Rd2 Bc8 33. Qd3 1/2-1/2

[Event "Winter Open 2024"]
[Site "?"]
[Date "2024.01.20"]
[Round "3"]
[White "Richards, Gareth"]
[Black "Jones, Steve"]
[Result "0-1"]
[WhiteElo "1111"]
[BlackElo "1678"]
[PlyCount "67"]
[SourceVersionDate "2024.02.16"]

1. e4 e5 2. Bc4 Nf6 3. d3 Be7 4. Nf3 Nc6 5. O-O h6 6. Nc3 d6 7. h3 a6 8. a4 Bd7 9. Re1 Qc8 10. Ne2 g5 11. Nh2 Rg8 12. Ng3 Nd4 13. c3 Ne6 14. Be3 Nf4 15. d4 h5 16. dxe5 dxe5 17. Bxf4 gxf4 18. Nxh5 Bxh3 19. Nxf6+ Bxf6 20. Qh5 Rxg2+ 21. Kh1 Rg7 22. Rg1 Be6 23. Bxe6 Qxe6 24. Qh8+ Ke7 25. Qxa8 Rh7 26. Rg8 Kd6 27. Qxb7 Qh3 28. Qd5+ Ke7 29. Qd8+ Ke6 30. Qc8+ Kd6 31. Qxa6+ Ke7 32. Re8+ Kxe8 33. Qc6+ Kf8 34. Qc5+ 0-1

[Event "Winter Open 2024"]
[Site "?"]
[Date "2024.01.20"]
[Round "3"]
[White "May, Adam"]
[Black "Morgans, Justin"]
[Result "1/2-1/2"]
[WhiteElo "1882"]
[BlackElo "1618"]
[PlyCount "127"]
[SourceVersionDate "2024.02.16"]

1. d4 d5 2. Nf3 Nf6 3. g3 e6 4. Bg2 Be7 5. O-O O-O 6. c4 c6 7. Qc2 Nbd7 8. Nbd2 Re8 9. e4 Nxe4 10. Nxe4 dxe4 11. Qxe4 Nf6 12. Qc2 Bd7 13. Rd1 Rc8 14. c5 Nd5 15. h4 Bf6 16. Bg5 h6 17. Bxf6 Qxf6 18. Ne5 Red8 19. Nc4 Rb8 20. a3 b5 21. Ne5 Be8 22. Rd3 Qe7 23. Rdd1 f6 24. Nf3 Bf7 25. Re1 Qd7 26. Bh3 Re8 27. Rad1 Re7 28. Qc1 Rbe8 29. Nd2 Bh5 30. f3 f5 31. Re5 Nf6 32. Qc3 Qc7 33. Rde1 Nd7 34. Nb3 Nxe5 35. Rxe5 Rd8 36. f4 Rd5 37. Re1 Rd8 38. Bg2 Be8 39. Na5 Rd5 40. Bxd5 exd5 41. b4 Re4 42. Kf2 Qe7 43. Qd2 Qe6 44. Nb7 Bd7 45. Nd6 Rxe1 46. Qxe1 Qxe1+ 47. Kxe1 Kf8 48. Kf2 Ke7 49. Ke3 h5 50. Nb7 g6 51. Na5 Be8 52. Nb3 Kd8 53. Nc1 Ke7 54. Nd3 Kd8 55. Ne5 Ke7 56. Kd3 Kd8 57. Kc3 Ke7 58. Kb3 Kd8 59. a4 a6 60. Nf3 Ke7 61. Ng5 Bd7 62. a5 Be8 63. Kc3 Bd7 64. Kd3 1/2-1/2

[Event "Winter Open 2024"]
[Site "?"]
[Date "2024.01.20"]
[Round "3"]
[White "Quinn, Peter"]
[Black "Thomas, Roy"]
[Result "0-1"]
[WhiteElo "1638"]
[BlackElo "1658"]
[PlyCount "58"]
[SourceVersionDate "2024.02.16"]

1. e4 c5 2. Nf3 d6 3. d4 cxd4 4. Nxd4 Nf6 5. Nc3 a6 6. Bg5 e6 7. f4 Be7 8. Qf3 Nbd7 9. O-O-O h6 10. Bxf6 Bxf6 11. Bc4 Bxd4 12. Rxd4 b5 13. Bb3 Nc5 14. Rhd1 Bb7 15. a3 O-O 16. Ba2 Rc8 17. Rxd6 Qc7 18. Qe2 Bc6 19. e5 Qb7 20. R1d2 a5 21. Rxc6 Rxc6 22. Nxb5 Rb8 23. c4 Qxb5 24. Qf3 Qb7 25. b4 axb4 26. axb4 Rb6 27. bxc5 Rb1+ 28. Kc2 Qb2+ 29. Kd3 Rd8+ 0-1

[Event "Winter Open 2024"]
[Site "?"]
[Date "2024.01.20"]
[Round "3"]
[White "Westcott, Dale"]
[Black "Probert, Malcolm"]
[Result "0-1"]
[WhiteElo "1623"]
[BlackElo "1542"]
[PlyCount "76"]
[SourceVersionDate "2024.02.16"]

1. Nf3 Nf6 2. g3 g6 3. b3 Bg7 4. Bb2 O-O 5. Bg2 d5 6. c4 dxc4 7. bxc4 c5 8. O-O Nc6 9. Ne5 Nxe5 10. Bxe5 Nd7 11. Bxg7 Kxg7 12. Nc3 Rb8 13. d4 b6 14. d5 Ne5 15. Qb3 Bd7 16. Ne4 Bf5 17. Qc3 f6 18. f4 Bxe4 19. Bxe4 Nf7 20. Bg2 Qd6 21. e4 e5 22. dxe6 Qxe6 23. e5 fxe5 24. Bd5 Qe7 25. fxe5 Nxe5 26. Rxf8 Rxf8 27. Re1 Kf6 28. Qe3 g5 29. h4 h6 30. hxg5+ hxg5 31. g4 Re8 32. Qe4 Kg7 33. Kg2 Ng6 34. Qxe7+ Rxe7 35. Rxe7+ Nxe7 36. Be4 Kf6 37. Kf3 Ke5 38. a4 Kd4 0-1

[Event "Winter Open 2024"]
[Site "?"]
[Date "2024.01.20"]
[Round "3"]
[White "Larg, Richard"]
[Black "Turner, Joseph David"]
[Result "1/2-1/2"]
[WhiteElo "1583"]
[BlackElo "1868"]
[PlyCount "55"]
[SourceVersionDate "2024.02.16"]

1. d4 Nf6 2. c4 g6 3. Nc3 Bg7 4. e3 O-O 5. Nf3 d6 6. Be2 c6 7. O-O Nbd7 8. b4 a5 9. b5 c5 10. Bb2 Ne8 11. Na4 cxd4 12. Bxd4 e5 13. Bb2 e4 14. Bxg7 exf3 15. Bxf3 Kxg7 16. c5 Qf6 17. Qd4 dxc5 18. Nxc5 Qxd4 19. exd4 Nd6 20. a4 Re8 21. Rfe1 Kf8 22. Kf1 Rb8 23. Rxe8+ Kxe8 24. Re1+ Kd8 25. Bd5 Nb6 26. Bb3 Ndc4 27. Ba2 Bd7 28. Kg1 1/2-1/2

[Event "Winter Open 2024"]
[Site "?"]
[Date "2024.01.21"]
[Round "4"]
[White "Christiansen, Johan-Sebastian"]
[Black "Jones, Steven"]
[Result "1-0"]
[WhiteElo "2629"]
[BlackElo "2234"]
[PlyCount "121"]
[SourceVersionDate "2024.02.16"]

1. e4 c5 2. Nf3 Nc6 3. Bb5 Nf6 4. Nc3 Qc7 5. O-O Nd4 6. Be2 a6 7. e5 Nxf3+ 8. Bxf3 Qxe5 9. Re1 Qc7 10. d4 e6 11. Bg5 Be7 12. Bxf6 gxf6 13. d5 f5 14. Qd2 O-O 15. Rad1 Bf6 16. d6 Qd8 17. Na4 Rb8 18. Nxc5 b6 19. Nd3 Bb7 20. Bxb7 Rxb7 21. c4 Kh8 22. b4 Rg8 23. h3 Qc8 24. Qf4 Qc6 25. g3 Rg7 26. c5 bxc5 27. bxc5 Rb5 28. Qc4 Rg8 29. Rc1 Rc8 30. Rc2 Bg7 31. a3 a5 32. Kh2 Rcb8 33. Qh4 Qd5 34. Qc4 Qxc4 35. Rxc4 Rc8 36. Rd1 Rc6 37. Rcc1 Rb3 38. a4 Bd4 39. Rc4 Bf6 40. g4 fxg4 41. hxg4 Kg7 42. Kg2 Rc3 43. Rxc3 Bxc3 44. Rb1 Bb4 45. Rc1 f6 46. Kf3 Rc8 47. Ke4 Rb8 48. Kd4 Kf7 49. Rh1 Kg7 50. Kc4 Bd2 51. Rd1 Bg5 52. Re1 Kf7 53. Rh1 Kg6 54. f4 Bh6 55. Rf1 Kf7 56. Rh1 Kg6 57. f5+ exf5 58. gxf5+ Kg5 59. Kd5 Rb3 60. Nf2 Rb4 61. Ne4+ 1-0

[Event "Winter Open 2024"]
[Site "?"]
[Date "2024.01.21"]
[Round "4"]
[White "Kett, Tim"]
[Black "Cave, Iwan"]
[Result "1-0"]
[WhiteElo "2096"]
[BlackElo "1973"]
[PlyCount "123"]
[SourceVersionDate "2024.02.16"]

1. e4 c5 2. Nf3 d6 3. d4 cxd4 4. Nxd4 Nf6 5. Nc3 g6 6. f3 Bg7 7. Be3 O-O 8. Qd2 Nc6 9. g4 Bd7 10. h4 Qa5 11. Nb3 Qc7 12. h5 Ne5 13. Be2 Nc4 14. Bxc4 Qxc4 15. hxg6 fxg6 16. O-O-O Be6 17. Bh6 Rac8 18. Bxg7 Kxg7 19. Qh6+ Kg8 20. Rd4 Qa6 21. g5 Nh5 22. Rxh5 gxh5 23. Qxe6+ Kh8 24. Rd1 Rce8 25. Qh6 Qc4 26. g6 Qg8 27. Rg1 Qg7 28. Qxh5 Rf6 29. Nd5 Rxg6 30. Rxg6 Qxg6 31. Qxg6 hxg6 32. Kd2 Kg7 33. Nd4 Kf7 34. b4 Rh8 35. a4 Rh2+ 36. Kd3 Rh3 37. Nf4 Rh1 38. Nfe6 Ra1 39. a5 a6 40. Kc4 Ke8 41. c3 Rg1 42. f4 Rg3 43. b5 Re3 44. bxa6 bxa6 45. Nc7+ Kd7 46. Nxa6 Rxe4 47. Nb4 Rxf4 48. a6 Rf8 49. Nd5 Rg8 50. a7 g5 51. Nb6+ Kc7 52. a8=Q Rxa8 53. Nxa8+ Kb7 54. Kd5 g4 55. Ke6 g3 56. Kxe7 g2 57. Ne2 Kc6 58. Ke6 Kc5 59. Nb6 Kxb6 60. Kxd6 Kb5 61. Kd5 Kb6 62. Ke4 1-0

[Event "Winter Open 2024"]
[Site "?"]
[Date "2024.01.21"]
[Round "4"]
[White "Toczek, Grzegorz"]
[Black "Fathallah, Joe"]
[Result "1-0"]
[WhiteElo "2291"]
[BlackElo "2010"]
[PlyCount "79"]
[SourceVersionDate "2024.02.16"]

1. e4 e6 2. Qe2 e5 3. Nf3 Nc6 4. c3 g6 5. d4 Bg7 6. dxe5 Nxe5 7. Nxe5 Bxe5 8. g3 d6 9. Bg2 Bg7 10. O-O Qe7 11. c4 h5 12. Nc3 Bxc3 13. bxc3 h4 14. c5 dxc5 15. Be3 Be6 16. e5 c6 17. Rad1 hxg3 18. hxg3 Nh6 19. Qd2 Rd8 20. Qc1 Rxd1 21. Rxd1 Ng4 22. Bg5 Qc7 23. Rd8+ Qxd8 24. Bxd8 Kxd8 25. Qa3 Kc7 26. Qxa7 Nxe5 27. Qxc5 Nd7 28. Qa5+ Kb8 29. Bf3 Re8 30. a4 Bf5 31. Qb4 Ka7 32. Qd4+ Kb8 33. a5 Re1+ 34. Kg2 Ra1 35. Qd6+ Ka7 36. Qc7 Ka8 37. Be2 Ra2 38. a6 bxa6 39. Qxc6+ Ka7 40. Qc7+ 1-0

[Event "Winter Open 2024"]
[Site "?"]
[Date "2024.01.21"]
[Round "4"]
[White "Bullen, Alex"]
[Black "Jukes, Sam"]
[Result "1-0"]
[WhiteElo "2139"]
[BlackElo "1890"]
[PlyCount "83"]
[SourceVersionDate "2024.02.16"]

1. d4 Nf6 2. Nf3 g6 3. g3 Bg7 4. Bg2 O-O 5. O-O d6 6. a4 Nc6 7. a5 a6 8. Nc3 e5 9. dxe5 dxe5 10. Be3 Bf5 11. Nd2 Qe7 12. Na4 Rfd8 13. Nc5 Bc8 14. Qc1 Rb8 15. Ndb3 Nd4 16. Bxd4 exd4 17. Re1 Ng4 18. Qf4 Be5 19. Qf3 c6 20. h3 Nf6 21. Nd3 Bf5 22. e4 Bc8 23. Nd2 g5 24. Nxe5 Qxe5 25. Qd3 g4 26. h4 Be6 27. b4 Rbc8 28. Nc4 Bxc4 29. Qxc4 c5 30. b5 Ne8 31. bxa6 bxa6 32. Qxa6 c4 33. Qh6 Nc7 34. Qd2 Ra8 35. Qe2 Qe6 36. e5 Rab8 37. Qd2 Qg6 38. Be4 Qg7 39. a6 Rb2 40. Qa5 Ne6 41. a7 f5 42. Qxd8+ 1-0

[Event "Winter Open 2024"]
[Site "?"]
[Date "2024.01.21"]
[Round "4"]
[White "Binks, Michael"]
[Black "Tuson, Jon"]
[Result "0-1"]
[WhiteElo "2035"]
[BlackElo "1532"]
[PlyCount "70"]
[SourceVersionDate "2024.02.16"]

1. d4 Nf6 2. c4 c5 3. d5 b5 4. cxb5 a6 5. bxa6 Bxa6 6. Nc3 d6 7. g3 g6 8. Bg2 Bg7 9. e4 Nbd7 10. Nge2 O-O 11. O-O Ng4 12. Bf4 Nge5 13. Rc1 Nd3 14. Rc2 Rb8 15. Bc1 N7e5 16. Rd2 Bh6 17. f4 Nxc1 18. Qxc1 Nd3 19. Qb1 c4 20. Na4 Bg7 21. b3 cxb3 22. axb3 Nb4 23. Bh3 Bb5 24. Qd1 Qc7 25. Nd4 Bxf1 26. Bxf1 Qa7 27. Kg2 Rfc8 28. Kh1 Bxd4 29. Rxd4 Nc2 30. Rd3 Ne3 31. Qe1 Nc2 32. Qd2 Rb4 33. Rc3 Rxc3 34. Qxc3 Qf2 35. Bh3 Rxe4 0-1

[Event "Winter Open 2024"]
[Site "?"]
[Date "2024.01.21"]
[Round "4"]
[White "Jones, Steve"]
[Black "Rathbone-Jones, Ifan"]
[Result "0-1"]
[WhiteElo "1678"]
[BlackElo "1934"]
[PlyCount "180"]
[SourceVersionDate "2024.02.17"]

1. d4 d5 2. Nc3 a6 3. Bf4 Nf6 4. e3 Bf5 5. f3 e6 6. g4 Bg6 7. h4 h6 8. Bd3 Bxd3 9. Qxd3 Bd6 10. Nge2 Nc6 11. O-O-O Qe7 12. Kb1 O-O-O 13. Bxd6 Qxd6 14. g5 Nd7 15. e4 Nb6 16. e5 Qe7 17. f4 Nc4 18. a3 N6a5 19. Na4 hxg5 20. hxg5 f6 21. gxf6 gxf6 22. Rh3 fxe5 23. fxe5 b5 24. Nc5 Nxe5 25. dxe5 Rxh3 26. Qxh3 Qxc5 27. Qxe6+ Kb7 28. b4 Qc6 29. Nd4 Qxe6 30. Nxe6 Re8 31. bxa5 Rxe6 32. Rxd5 Kc6 33. Rd8 Rxe5 34. Kb2 Re4 35. Ra8 Kb7 36. Rd8 Ra4 37. Kb3 Rxa5 38. Rd4 Kb6 39. Rh4 Kc5 40. Rh5+ Kd4 41. c3+ Kd3 42. Rc5 Ra4 43. Rxc7 Rc4 44. Rd7+ Ke4 45. a4 Rxa4 46. Rd6 Ke5 47. Rd1 Rc4 48. Ra1 Rc6 49. Rd1 Rg6 50. Rd3 Rg4 51. Rd8 Ke6 52. Rd2 a5 53. Rd3 Rc4 54. Ka3 Rc5 55. Rh3 Kd5 56. Kb3 Kc6 57. Rh6+ Kb7 58. Rh7+ Kb6 59. Rh6+ Rc6 60. Rh4 Rg6 61. Rh3 Rg5 62. Rf3 Kc5 63. Rf4 a4+ 64. Ka3 Rg3 65. Kb2 Rg2+ 66. Ka3 Rc2 67. Rf3 Kc4 68. Rf4+ Kxc3 69. Rf3+ Kc4 70. Rf4+ Kc5 71. Rf8 Rc3+ 72. Kb2 Kb4 73. Rf4+ Rc4 74. Rf3 Rg4 75. Rf2 a3+ 76. Ka2 Ka4 77. Rf8 Rg2+ 78. Ka1 b4 79. Rf4 Kb3 80. Rf3+ Kc2 81. Ka2 Rd2 82. Rg3 Rd3 83. Rg2+ Kc3 84. Rg1 Rd2+ 85. Ka1 b3 86. Rc1+ Rc2 87. Rh1 b2+ 88. Ka2 Rc1 89. Rh3+ Kd4 90. Rh4+ Ke5 0-1

[Event "Winter Open 2024"]
[Site "?"]
[Date "2024.01.21"]
[Round "4"]
[White "Thomas, Roy"]
[Black "Brown, Thomas"]
[Result "0-1"]
[WhiteElo "1658"]
[BlackElo "2095"]
[PlyCount "76"]
[SourceVersionDate "2024.02.17"]

1. f4 d5 2. Nf3 Nf6 3. e3 Bf5 4. d3 e6 5. Be2 h6 6. O-O Be7 7. c4 O-O 8. Ne5 Nbd7 9. Nc3 dxc4 10. Nxc4 Nd5 11. e4 Nxc3 12. bxc3 Bh7 13. Qc2 c5 14. a4 b6 15. Be3 Qc7 16. Bf3 a6 17. Rfb1 Rab8 18. Nd2 Rfd8 19. g3 Nf6 20. Kg2 Qd7 21. Be2 g5 22. fxg5 hxg5 23. Bxg5 Ng4 24. Bf4 e5 25. Bxg4 Qxg4 26. Bxe5 Qe2+ 27. Kg1 Bxe4 28. dxe4 Rxd2 29. Qxd2 Qxd2 30. Bxb8 Qxc3 31. Rc1 Qe3+ 32. Kg2 Qxe4+ 33. Kh3 b5 34. axb5 axb5 35. Re1 Qf5+ 36. Kg2 Bf6 37. Bf4 Bxa1 38. Rxa1 b4 0-1

[Event "Winter Open 2024"]
[Site "?"]
[Date "2024.01.21"]
[Round "4"]
[White "Probert, Malcolm"]
[Black "Downey, Keith"]
[Result "1/2-1/2"]
[WhiteElo "1542"]
[BlackElo "1733"]
[PlyCount "80"]
[SourceVersionDate "2024.02.17"]

1. Nf3 Nf6 2. g3 b6 3. Bg2 Bb7 4. O-O e6 5. d4 c5 6. c4 cxd4 7. Qxd4 Nc6 8. Qf4 Be7 9. Nc3 O-O 10. Rd1 Qb8 11. Qxb8 Raxb8 12. Bf4 Rbc8 13. b3 Rfd8 14. Nd4 a6 15. Nxc6 Bxc6 16. Bxc6 Rxc6 17. e4 d6 18. Rac1 Kf8 19. h3 Rdc8 20. e5 dxe5 21. Bxe5 g6 22. Rd3 b5 23. Bxf6 Bxf6 24. Ne4 Be7 25. Rcd1 bxc4 26. bxc4 Rxc4 27. Nd6 Bxd6 28. Rxd6 R4c6 29. Rxc6 Rxc6 30. Rd8+ Ke7 31. Ra8 h5 32. h4 e5 33. Kg2 Rf6 34. Ra7+ Kd8 35. Ra8+ Kc7 36. Re8 Rf5 37. f3 Kd7 38. Ra8 Rf6 39. Ra7+ Kc8 40. Re7 Rf5 1/2-1/2

[Event "Winter Open 2024"]
[Site "?"]
[Date "2024.01.21"]
[Round "4"]
[White "Beeston, Darson"]
[Black "May, Adam"]
[Result "1/2-1/2"]
[WhiteElo "1639"]
[BlackElo "1882"]
[PlyCount "61"]
[SourceVersionDate "2024.02.17"]

1. e4 c6 2. d4 d5 3. f3 Qb6 4. Nc3 dxe4 5. fxe4 e5 6. Nf3 exd4 7. Qxd4 Qxd4 8. Nxd4 Bc5 9. Be3 Bg4 10. Bc4 Nd7 11. O-O Ngf6 12. h3 Ne5 13. Bb3 O-O 14. Nf5 Bxe3+ 15. Nxe3 Be6 16. Bxe6 fxe6 17. Rad1 Rad8 18. g4 h6 19. b3 Rfe8 20. Ng2 Kf7 21. Nf4 Ke7 22. Nd3 Nfd7 23. Kf2 Rf8+ 24. Ke3 a6 25. Na4 Rxf1 26. Rxf1 b5 27. Nac5 Nxd3 28. Nxd3 g5 29. Nb4 Nb8 30. Nd3 Nd7 31. Nb4 1/2-1/2

[Event "Winter Open 2024"]
[Site "?"]
[Date "2024.01.21"]
[Round "4"]
[White "Morgans, Justin"]
[Black "Dixon, Chris"]
[Result "1/2-1/2"]
[WhiteElo "1618"]
[BlackElo "1665"]
[PlyCount "54"]
[SourceVersionDate "2024.02.17"]

1. d4 Nf6 2. Bg5 d5 3. Nf3 Nbd7 4. e3 g6 5. Be2 Bg7 6. O-O O-O 7. c4 c6 8. Nc3 h6 9. Bf4 Nh5 10. Be5 dxc4 11. Bxg7 Kxg7 12. Bxc4 Nb6 13. Bb3 Bg4 14. h3 Bxf3 15. Qxf3 Nf6 16. Rfd1 e6 17. Rac1 Qe7 18. e4 Rfd8 19. e5 Ne8 20. Ne4 Nd5 21. Qg4 f5 22. exf6+ Nexf6 23. Nxf6 Qxf6 24. Re1 Rf8 25. Rc2 Rae8 26. Bxd5 exd5 27. Qd7+ Qf7 1/2-1/2

[Event "Winter Open 2024"]
[Site "?"]
[Date "2024.01.21"]
[Round "4"]
[White "Di-Vetta, Andrew"]
[Black "Richards, Gareth"]
[Result "1-0"]
[WhiteElo "1631"]
[BlackElo "1111"]
[PlyCount "79"]
[SourceVersionDate "2024.02.17"]

1. d4 d5 2. Bf4 Nf6 3. e3 a6 4. c4 e6 5. Nd2 Bd6 6. Bg5 h6 7. Bh4 e5 8. c5 Be7 9. dxe5 Nfd7 10. Bxe7 Qxe7 11. Ndf3 Qxc5 12. Qd4 O-O 13. Ne2 Nc6 14. Qxc5 Nxc5 15. Ned4 Ne7 16. Rc1 Nd7 17. Rxc7 Ng6 18. e6 Nde5 19. Nxe5 Nxe5 20. exf7+ Nxf7 21. Be2 Ne5 22. O-O Rf7 23. Rfc1 Rxc7 24. Rxc7 b6 25. Re7 Nc4 26. Bf3 Kf8 27. Rc7 Nxb2 28. Bxd5 Rb8 29. Nc6 Be6 30. Bxe6 Re8 31. Rf7+ Kg8 32. Ne7+ Kh8 33. Bb3 Rd8 34. Nf5 a5 35. h3 a4 36. Bc2 Rc8 37. Be4 Re8 38. f3 Nc4 39. Nxg7 Rg8 40. Nh5 1-0

[Event "Winter Open 2024"]
[Site "?"]
[Date "2024.01.21"]
[Round "4"]
[White "Turner, Joseph David"]
[Black "Quinn, Peter"]
[Result "1-0"]
[WhiteElo "1868"]
[BlackElo "1638"]
[PlyCount "181"]
[SourceVersionDate "2024.02.17"]

1. e4 Nf6 2. e5 Nd5 3. c4 Nb6 4. d4 d6 5. exd6 cxd6 6. Nc3 g6 7. Be3 Bg7 8. Rc1 Nc6 9. Be2 e5 10. dxe5 Nxe5 11. Nf3 Bg4 12. Nxe5 Bxe2 13. Qxe2 dxe5 14. O-O O-O 15. Rfd1 Qf6 16. c5 Nc8 17. Nd5 Qc6 18. Nb4 Qe6 19. c6 bxc6 20. Rxc6 Qf5 21. Nd5 Kh8 22. b3 Rd8 23. g4 Qd7 24. Nc3 Qe8 25. Rc7 Rxd1+ 26. Qxd1 Nb6 27. Qf3 Kg8 28. Qc6 Qxc6 29. Rxc6 e4 30. Nxe4 Nd5 31. Bd2 f5 32. gxf5 gxf5 33. Ng3 f4 34. Nf5 Rd8 35. Ba5 Re8 36. Rd6 Nb6 37. Nxg7 Kxg7 38. Kg2 Re2 39. Rd2 Re7 40. Kf3 Rf7 41. Rd4 Rf5 42. Bc3 Kg6 43. Bd2 Rh5 44. Bxf4 Nd5 45. Bg3 Rf5+ 46. Kg2 a5 47. Rc4 Nb4 48. a3 Nd3 49. Rd4 Ne1+ 50. Kf1 Nc2 51. Rg4+ Kh5 52. Rh4+ Kg6 53. Ra4 Rb5 54. Bc7 Rxb3 55. Rxa5 Nxa3 56. Ra4 Nb5 57. Ra6+ Kg7 58. Rb6 h6 59. Bf4 h5 60. Kg2 Kf7 61. Rh6 Rb4 62. Bg3 Nc3 63. Rxh5 Rc4 64. h4 Ne4 65. Rf5+ Kg6 66. Rf4 Kh5 67. Kh3 Nd2 68. Rxc4 Nxc4 69. Bc7 Nd2 70. Bd8 Nf3 71. Kg3 Nd4 72. f3 Ne6 73. Be7 Nd4 74. Kf4 Ne2+ 75. Ke5 Kg6 76. f4 Ng3 77. Bg5 Nh5 78. f5+ Kf7 79. Bd8 Ng7 80. Ba5 Nh5 81. Bd2 Nf6 82. Kf4 Nh7 83. Bc3 Nf8 84. Kg5 Nh7+ 85. Kf4 Nf8 86. h5 Nh7 87. Bb2 Nf8 88. h6 Nh7 89. Bg7 Ke7 90. Kg4 Kf7 91. Kh5 1-0

[Event "Winter Open 2024"]
[Site "?"]
[Date "2024.01.21"]
[Round "4"]
[White "Westcott, Dale"]
[Black "Larg, Richard"]
[Result "1-0"]
[WhiteElo "1623"]
[BlackElo "1583"]
[PlyCount "119"]
[SourceVersionDate "2024.02.17"]

1. Nf3 Nf6 2. g3 g6 3. b3 b6 4. Bg2 Bb7 5. Bb2 Bg7 6. O-O O-O 7. c4 c5 8. d4 d6 9. Nc3 e6 10. dxc5 dxc5 11. Qc2 Na6 12. Rad1 Qe7 13. Rd2 Rad8 14. Rfd1 Nb4 15. Qc1 Rxd2 16. Qxd2 Ne4 17. Nxe4 Bxe4 18. Bxg7 Kxg7 19. a3 Nc6 20. Qe3 Bxf3 21. Bxf3 Rd8 22. Rxd8 Nxd8 23. h4 h5 24. Kg2 Qf6 25. Qd3 Qe7 26. Qe4 f5 27. Qe5+ Kg8 28. e4 Nc6 29. Qf4 Nd4 30. exf5 Nxf3 31. Qxf3 exf5 32. Qd5+ Qf7 33. Qxf7+ Kxf7 34. Kf3 Ke6 35. Kf4 Kf6 36. a4 a6 37. f3 a5 38. g4 fxg4 39. fxg4 Ke6 40. gxh5 gxh5 41. Kg5 Ke5 42. Kxh5 Kd4 43. Kg6 Kc3 44. h5 Kxb3 45. h6 Kxc4 46. h7 Kb3 47. h8=Q Kxa4 48. Qc3 Kb5 49. Kf5 c4 50. Ke5 Kc5 51. Qa3+ Kb5 52. Kd4 a4 53. Kc3 Ka5 54. Qb4+ Ka6 55. Qxa4+ Kb7 56. Qxc4 Ka8 57. Kb4 Kb7 58. Kb5 Ka8 59. Kxb6 Kb8 60. Qg8# 1-0

[Event "Winter Open 2024"]
[Site "?"]
[Date "2024.01.21"]
[Round "5"]
[White "Tuson, Jon"]
[Black "Kett, Tim"]
[Result "0-1"]
[WhiteElo "1532"]
[BlackElo "2096"]
[PlyCount "78"]
[SourceVersionDate "2024.02.17"]

1. c4 e5 2. Nc3 Nf6 3. g3 d6 4. Bg2 g6 5. Nf3 Bg7 6. O-O O-O 7. d4 Nbd7 8. Bg5 h6 9. Bxf6 Qxf6 10. b4 exd4 11. Nd5 Qd8 12. Nxd4 c6 13. Ne3 Qb6 14. Nec2 Ne5 15. Rb1 Nxc4 16. b5 c5 17. Nf3 Bf5 18. Rb3 d5 19. Nh4 Be6 20. Bxd5 Rad8 21. e4 Bxd5 22. exd5 Qd6 23. Ne3 Nxe3 24. Rxe3 c4 25. Qa4 Qxd5 26. Ng2 c3 27. Rc1 Rc8 28. Nf4 Qc4 29. Qxc4 Rxc4 30. Nd5 Rd8 31. Rd3 Kf8 32. Nf4 Rxd3 33. Nxd3 Ra4 34. Nc5 Rxa2 35. Nxb7 Bd4 36. Nd6 Rxf2 37. Kh1 Rb2 38. Ne4 c2 39. Nd2 Be3 0-1

[Event "Winter Open 2024"]
[Site "?"]
[Date "2024.01.21"]
[Round "5"]
[White "Jones, Steven"]
[Black "Toczek, Grzegorz"]
[Result "0-1"]
[WhiteElo "2234"]
[BlackElo "2291"]
[PlyCount "110"]
[SourceVersionDate "2024.02.17"]

1. e4 c6 2. d4 d5 3. e5 Bf5 4. Nf3 e6 5. Be2 Nd7 6. O-O Bg6 7. Nbd2 f6 8. Nb3 fxe5 9. Nxe5 Nxe5 10. dxe5 Qd7 11. c4 Ne7 12. Nc5 Qc8 13. cxd5 Nxd5 14. Nd3 Be7 15. Bh5 Bxh5 16. Qxh5+ g6 17. Qh6 Bf8 18. Qh3 Qd7 19. a4 Qf7 20. a5 a6 21. Be3 O-O-O 22. Bc5 Bxc5 23. Nxc5 Nf4 24. Qe3 Nd5 25. Qb3 Qe7 26. Rac1 Rhf8 27. Ne4 Qb4 28. Nd6+ Kb8 29. Qxb4 Nxb4 30. Rcd1 Nd5 31. Rd3 Rf4 32. Rb3 Rd7 33. Rc1 Ne7 34. g3 Ra4 35. Rc5 Rd4 36. Kg2 Rd5 37. Rxd5 cxd5 38. Rf3 Nf5 39. Nxf5 gxf5 40. Kf1 d4 41. g4 fxg4 42. Rf6 Rd5 43. Rxe6 Rxa5 44. Ke2 Rb5 45. Kd3 Rxb2 46. Rf6 a5 47. Rf7 Kc8 48. e6 Kd8 49. Kxd4 a4 50. Ke5 a3 51. Rxh7 a2 52. Rh8+ Kc7 53. Ra8 Re2+ 54. Kf6 Rxf2+ 55. Kg6 Kd6 0-1

[Event "Winter Open 2024"]
[Site "?"]
[Date "2024.01.21"]
[Round "5"]
[White "Cave, Iwan"]
[Black "Bullen, Alex"]
[Result "0-1"]
[WhiteElo "1973"]
[BlackElo "2139"]
[PlyCount "82"]
[SourceVersionDate "2024.02.17"]

1. d4 d5 2. c4 e6 3. Nf3 Nf6 4. g3 Be7 5. Bg2 O-O 6. O-O c6 7. Qc2 b6 8. Nbd2 Bb7 9. Rd1 Na6 10. e4 Rc8 11. a3 c5 12. exd5 exd5 13. dxc5 Nxc5 14. b3 dxc4 15. bxc4 Qd3 16. Qxd3 Nxd3 17. Ne1 Bxg2 18. Nxd3 Bb7 19. Bb2 Rfd8 20. Ne5 Nd7 21. Nxd7 Rxd7 22. Nf1 Rcd8 23. Ne3 Bc5 24. Rxd7 Rxd7 25. Rd1 Rxd1+ 26. Nxd1 Kf8 27. Ne3 g6 28. Kf1 Bf3 29. Nc2 Be4 30. Ne3 Ke7 31. Ke2 Ke6 32. Nd1 Bd6 33. f4 h5 34. Nc3 Bc6 35. Nb5 Bxb5 36. cxb5 Kd5 37. Kd3 Kc5 38. a4 Kb4 39. Bc1 Kxa4 40. Kc4 Bc5 41. h3 f5 0-1

[Event "Winter Open 2024"]
[Site "?"]
[Date "2024.01.21"]
[Round "5"]
[White "Rathbone-Jones, Ifan"]
[Black "Brown, Thomas"]
[Result "1/2-1/2"]
[WhiteElo "1934"]
[BlackElo "2095"]
[PlyCount "44"]
[SourceVersionDate "2024.02.17"]

1. d4 g6 2. Nf3 Bg7 3. g3 c5 4. c3 b6 5. dxc5 bxc5 6. Qd5 Nc6 7. Qxc5 Nf6 8. Bg2 Ba6 9. Qa3 Qc8 10. Bg5 h6 11. Bxf6 Bxf6 12. Nbd2 Bg7 13. O-O Bxe2 14. Rfe1 Bxf3 15. Bxf3 O-O 16. Rxe7 Rb8 17. Bxc6 Qxc6 18. Nb3 Rb6 19. Nd4 Qb7 20. Nb3 Qc6 21. Nd4 Qb7 22. Nb3 Qc6 1/2-1/2